000 00591nam a22001697a 4500
003 OSt
005 20260407093613.0
008 260407b |||||||| |||| 00| 0 eng d
040 _cMRSPTU
041 _aEnglish
100 _aBharat Khurana, Supervisor: Dr. Raj Kumar Narang
245 _aDesign and Development of Novel Drug Delivery Systems of Resveratrol for Treatment of Psoriasis
260 _bDepartment of Pharmacy, MRSPTU, Bathinda
_c2020
650 _aPharmaceutical Sciences and Technology
856 _uhttp://163.47.215.52:8080/jspui/handle/123456789/382
942 _2ddc
_cTH
_n0
999 _c11309
_d11309